Statistics for Seven Continents Quiz

Click here to take the quiz!

General Stats

  • This quiz has been taken 55,982 times
  • The average score is 7 of 7

Answer Stats

Continent % Correct
Africa
99%
Asia
99%
Europe
98%
North America
98%
South America
98%
Australia
95%
Antarctica
93%

Score Distribution

Percentile by Number Answered

Percent of People with Each Score

Your Score History

You have not taken this quiz